Loading...
| Current Events | 1 | 10.00 | 100% | 0% | 0% |
| Fine Arts - Classical Music | 4 | 7.50 | 50% | 25% | 0% |
| Fine Arts - Other Fine Arts | 6 | 10.00 | 83% | 17% | 0% |
| Fine Arts - Painting and Sculpture | 3 | 13.33 | 100% | 0% | 33% |
| Geography | 1 | 10.00 | 100% | 0% | 0% |
| History - American History | 2 | 10.00 | 50% | 50% | 0% |
| History - European History | 5 | 16.00 | 100% | 40% | 20% |
| History - Other History | 3 | 13.33 | 100% | 33% | 0% |
| History - World History | 3 | 10.00 | 100% | 0% | 0% |
| Literature - American Literature | 5 | 10.00 | 80% | 20% | 0% |
| Literature - British Literature | 4 | 10.00 | 50% | 25% | 25% |
| Literature - European Literature | 2 | 15.00 | 100% | 50% | 0% |
| Literature - World Literature | 3 | 10.00 | 67% | 33% | 0% |
| Mythology | 2 | 10.00 | 100% | 0% | 0% |
| Philosophy | 5 | 14.00 | 80% | 40% | 20% |
| Religion | 3 | 10.00 | 100% | 0% | 0% |
| Science - Biology | 5 | 6.00 | 60% | 0% | 0% |
| Science - Chemistry | 3 | 3.33 | 33% | 0% | 0% |
| Science - Other Science | 4 | 10.00 | 75% | 25% | 0% |
| Science - Physics | 7 | 10.00 | 57% | 29% | 14% |
| Social Science | 2 | 20.00 | 100% | 100% | 0% |